| 000 | 01164cam a22002054a 4500 | ||
|---|---|---|---|
| 005 | 20250605163942.0 | ||
| 008 | 250528s ||||||||||||||||||||||||d | ||
| 035 | _a15072 | ||
| 020 | _a70573042 | ||
| 040 |
_aGR-AtMCL _bgre _dGR-AtMCL _eAACR2 |
||
| 245 | 1 | _aSchaum's Outline of Theory and Problems of Financial Accounting | |
| 260 |
_bMcgraw Hill, Inc, _c1983 |
||
| 300 | _a312 | ||
| 520 | _aCovers all course fundamentals and supplements any class text - Teaches effective problem-solving techniques - 495 Solved Problems with complete solutions - Over 250 Summary Questions. Introduction to Financial Accounting, Financial Statements, Analyzing and Recording Financial Transactions, Adjusting and Closing Entries, The Preparation of the Worksheet, Accounting for a Merchandising Business, Cash and Sort-Term Investments, Inventories, Receivables and Payables, Fixed Assets and Depreciation and Intangible Assets, Liabilities, Corporations, Partnerships, Financial Statement Analysis, Statement of Changes in Financial Position, Index. | ||
| 700 | 1 |
_aShim Jae K _9907 |
|
| 700 | 1 |
_aSiegel Joel G _9908 |
|
| 942 | _cBK | ||
| 999 |
_c671 _d671 |
||